| 000 | 00896nac a22002651i 4500 | ||
|---|---|---|---|
| 003 | EG-ScBUE | ||
| 005 | 20241009084650.0 | ||
| 008 | 241009s2003 ii f 001 0 eng d | ||
| 020 | _a8120322029 | ||
| 020 | _a9788120322028 | ||
| 040 |
_aEG-ScBUE _beng _erda _cEG-ScBUE _dEG-ScBUE |
||
| 082 | 0 | 4 |
_a515.3 _bMON _222 |
| 100 | 1 |
_aMondal, C.R., _eauthor. |
|
| 245 | 1 | 0 |
_aTextbook of ordinary differential equations / _cC. R. Mondal, Department of Mathematics, North-Eastern Hill University, Shillong, Meghalaya. |
| 250 | _aEastern economy edition. | ||
| 264 | 1 |
_aNew Delhi : _bPrentice Hall of India, _c2003. |
|
| 300 |
_a183 pages ; _c24 cm |
||
| 336 |
_2rdacontent _atext _btxt |
||
| 337 |
_aunmediated _2rdamedia _bn |
||
| 338 |
_avolume _bnc _2rdacarrier |
||
| 500 | _aIncludes index. | ||
| 650 | 7 |
_aDifferential equations. _2BUEsh |
|
| 655 | _vReading book | ||
| 942 |
_cBB _2ddc |
||
| 999 |
_c1259 _d1259 |
||